|
|
|
|
| LEADER |
05184nam a22004335i 4500 |
| 001 |
978-3-540-27579-4 |
| 003 |
DE-He213 |
| 005 |
20151204163809.0 |
| 007 |
cr nn 008mamaa |
| 008 |
100301s2005 gw | s |||| 0|eng d |
| 020 |
|
|
|a 9783540275794
|9 978-3-540-27579-4
|
| 024 |
7 |
|
|a 10.1007/3-540-27579-7
|2 doi
|
| 040 |
|
|
|d GrThAP
|
| 050 |
|
4 |
|a RS1-441
|
| 072 |
|
7 |
|a MQP
|2 bicssc
|
| 072 |
|
7 |
|a MED072000
|2 bisacsh
|
| 082 |
0 |
4 |
|a 615.1
|2 23
|
| 100 |
1 |
|
|a Suzuki, Osamu.
|e author.
|
| 245 |
1 |
0 |
|a Drugs and Poisons in Humans
|h [electronic resource] :
|b A Handbook of Practical Analysis /
|c by Osamu Suzuki, Kanako Watanabe.
|
| 264 |
|
1 |
|a Berlin, Heidelberg :
|b Springer Berlin Heidelberg,
|c 2005.
|
| 300 |
|
|
|a XVIII, 672 p. 236 illus.
|b online resource.
|
| 336 |
|
|
|a text
|b txt
|2 rdacontent
|
| 337 |
|
|
|a computer
|b c
|2 rdamedia
|
| 338 |
|
|
|a online resource
|b cr
|2 rdacarrier
|
| 347 |
|
|
|a text file
|b PDF
|2 rda
|
| 505 |
0 |
|
|a Chapters of general nature -- How to handle biological specimens -- Alternative specimens -- Pitfalls and cautions in analysis of drugs and poisons -- Pretreatments of human specimens -- Detection methods -- A computer system for diagnosis of causative drugs and poisons developed by the Japan Poison Information Center (Tokyo) -- Practical use of the poison-net developed by the Japan Information Network (Hiroshima) -- Problems in toxin analysis in emergency medicine -- Analysis of chemical warfare agents and their related compounds -- Chapters on specific toxins -- Carbon monoxide -- Hydrogen sulfide and its metabolite -- Cyanide -- Methanol and formic acid -- Ethanol -- Chloroform and dichloromethane -- Toluene, benzene, xylene and styrene -- Alkyl nitrites -- Components of gasoline and kerosene -- Amphetamines and their metabolites -- Cannabinoids and their metabolites -- Morphine and its analogues -- Cocaine and its metabolites -- Pentazocine -- Lysergic acid diethylamide (LSD) -- 3,4-Methylenedioxyamphetamines -- Phencyclidine -- ?-Hydroxybutyric acid -- Phenothiazines -- Butyrophenones -- Tricyclic and tetracyclic antidepressants -- Benzodiazepines -- Bromisovalum -- Barbiturates -- Diphenylmethane antihistaminics -- Propionic acid derivative analgesic-antipyretics -- Acetaminophen (paracetamol) -- Acetylsalicylic acid -- Antiepileptics -- Muscle relaxants -- ?-Blockers -- Local anaesthetics -- Salicylic acid -- ?-Lactam antibiotics -- Hypochlorite -- Benzalkonium chlorides -- Hair dyes -- Permethrin -- Boric acid -- Naphthalene -- p-Dichlorobenzene -- Ethylene glycol -- Aconite toxins -- Mushroom toxins -- Tetrodotoxin -- Methylxanthine derivatives -- Nicotine and cotinine -- Tropane alkaloids -- Oleander toxins -- Simultaneous analysis of pesticides by GC/MS -- Organophosphorus pesticides -- Glufosinate and glyphosate -- Carbamate pesticides -- Paraquat and diquat -- Cresol -- Diazine and triazine herbicides -- Coumarin rodenticides -- Sarin and its decomposition products -- VX and its decomposition products -- Sodium azide -- Arsenic compounds and other inorganic poisons -- Nitrate and nitrite compounds -- Methemoglobin.
|
| 520 |
|
|
|a It was with great pleasure that I accepted the invitation to write the foreword for Drugs and Poisons in Humans. A Handbook of Practical Analysis. Dr. Osamu Suzuki and Dr. Mikio Yashiki, two outstanding Japanese scientists, f rst published the Handbook in Japanese in 2002. Specialists throughout Japan contributed analytical methods for a wide variety of therapeutic and illicit drugs, pesticides, and natural toxins and alkaloids. In fact, rarely has such a wide spectrum of analytes and metabolites been addressed within a single reference manual. At the beginning of the book, general topics are addressed, including instructions on h- dling biological materials, measurement of drugs in alternative specimens, and guidance on resolving analytical problems that may occur. T ere are discussions of extraction modalities and detection methodologies and how to select these appropriately based on the physioche- cal characteristics of the drug. Analysis of specif c classes of drugs and relevant metabolites are covered in subsequent chapters. Clinical, analytical and forensic toxicology and clinical ch- istry laboratories will f nd the volume informative and useful. Toxicologists are of en faced with developing methods for new drugs and metabolites with little information available in the literature. T is book provides a great starting point for method development providing pro- dures that have been utilized in real life situations. In addition, toxicologists developing new methodologies may use this volume as a guide to selecting the most appropriate instrumen- tion to handle the breadth of their analytical workload.
|
| 650 |
|
0 |
|a Pharmacy.
|
| 650 |
|
0 |
|a Pharmacology.
|
| 650 |
1 |
4 |
|a Pharmacy.
|
| 650 |
2 |
4 |
|a Pharmacy.
|
| 650 |
2 |
4 |
|a Pharmacology/Toxicology.
|
| 700 |
1 |
|
|a Watanabe, Kanako.
|e author.
|
| 710 |
2 |
|
|a SpringerLink (Online service)
|
| 773 |
0 |
|
|t Springer eBooks
|
| 776 |
0 |
8 |
|i Printed edition:
|z 9783540222774
|
| 856 |
4 |
0 |
|u http://dx.doi.org/10.1007/3-540-27579-7
|z Full Text via HEAL-Link
|
| 912 |
|
|
|a ZDB-2-SME
|
| 950 |
|
|
|a Medicine (Springer-11650)
|